01263nam a2200301Ia 450000500170000000800410001702000150005810000350007324501150010825000390022330000420026250500960030465000460040065000460044665000330049265000360052570000400056170000460060174001190064794200150076626400310078133600270081233700330083933800280087204000350090008400110093599900150094620220317000720.0160601s2004 ck a g 000 0 spa  a96819062331 aMinarik, Else Holmelundd1920-13aLa visita de osito cElse Holmelund Minarik ; ilustraciones de Maurice Sendak ; traducción de María Puncel a1a. edición b2a. reimpresión  a64 páginas bilustraciones c22 cm  aAbuela osa y abuelo oso -- El petirrojo de mamá osa -- El duendecillo -- No estoy cansado142LEMBaCuentos infantiles estadounidenses 142LEMBaLiteratura infantil estadounidense 142LEMBaOsos en la literatura 142LEMBaAbuelos en la literatura 1 aSendak, Mauriceeilustrador 9532331 aPuncel Reparaz, Maríaetraductor953234 aAbuela osa y abuelo oso;\\aEl petirrojo de mamá osa;\\aEl duendecillo.-- No estoy cansado;\\aNo estoy cansado 2loccBKINF aBogotá bAlfaguarac2004 atextobtxt2rdacontent asin mediaciónbn2rdamedia avolumenbnc2rdacarrier aCO-BoRNBPbspaerdacCO-BoRNBP aC MIN1 c4856d4856